Senior practical physical chemistry: A comprehensive course of experiments (For the post- graduate students) (Record no. 1393519)

MARC details
000 -LEADER
fixed length control field 00656nam a2200217Ia 4500
005 - DATE AND TIME OF LATEST TRANSACTION
control field 20250508165148.0
008 - FIXED-LENGTH DATA ELEMENTS--GENERAL INFORMATION
fixed length control field 008 250505s9999 xx 000 0 eng d
037 ## - SOURCE OF ACQUISITION
Stock number Textual
040 ## - CATALOGING SOURCE
Original cataloging agency FEDL
Language of cataloging eng
Transcribing agency FEDL
041 ## - LANGUAGE CODE
Language code of text/sound track or separate title eng
Source of code eng
084 ## - COLON CLASSIFICATION NUMBER
Classification number 541.3, KHO
Assigning agency FEDL
100 ## - MAIN ENTRY--PERSONAL NAME
Personal name Khosla B D and others
9 (RLIN) 780038
245 #0 - TITLE STATEMENT
Title Senior practical physical chemistry: A comprehensive course of experiments (For the post- graduate students)
250 ## - EDITION STATEMENT
Edition statement 10
260 ## - PUBLICATION, DISTRIBUTION, ETC.
Place of publication, distribution, etc. New Delhi, India
Name of publisher, distributor, etc. R. Chand and Co.
Date of publication, distribution, etc. 2001
300 ## - PHYSICAL DESCRIPTION
Extent xvi, 406p.
365 ## - TRADE PRICE
Price type code INR
Price amount 100
546 ## - LANGUAGE NOTE
Language note RSPEE
942 ## - ADDED ENTRY ELEMENTS (KOHA)
Koha item type Textual
Classification part 541.3, KHO
Holdings
Withdrawn status Lost status Damaged status Not for loan Home library Current library Date acquired Cost, normal purchase price Total Checkouts Full call number Barcode Date last seen Price effective from Koha item type
        Department of Education Library Department of Education Library 2025-05-08 100.00   541.3, KHO EL0087158 2025-05-08 2025-05-08 Textual
Copyright @ Delhi University Library System